000 01919nam0a2200349 4500
001 RU\NLR\BIBL_A\012124985
005 20260407114722.0
035 _a(NLR Aleph) 012124985
090 _a12014006
_c12014006
100 _a20191021d1898 |||y0rusy50 ca
101 0 _arus
102 _aRU
105 _ay z 000zy
200 1 _aСвод предположений местных начальств по раскладкам земских сборов Степных областей на 1898 год
_eприложение 2-е к представлению Министра Финансов от 7 февраля 1898 года № 1126
210 _a[С.-Петербург]
_cТипография П.П. Сойкина
_d1898
215 _a13 л.
_d34
300 _aВ конце текста: Подписал: За директора Н. Кутлер; Скрепил: За Начальника Отделения Ив. Лодыженский
306 _aБез тит. л. и обл.
309 _aЧасть текста на одной стороне листа
316 _aСведения о приложении дописаны чернилами
_5NLR
606 1 _aЗемский бюджет
_jДокументы и материалы
_xСводы
_92415275
_3RU\NLR\AUTH\6601657696
686 3 _aУ26(28)187.399.1,011
702 1 _4720
_7ca
_8rus
_aКутлер
_bН. Н.
_cгос. деятель, публицист
_f1859-1924
_gНиколай Николаевич
_9209101
_3RU\NLR\AUTH\770209155
702 1 _4720
_7ca
_8rus
_aЛодыженский
_bИ.
_cэкономист
_gИв.
_9215777
_3RU\NLR\AUTH\770215833
710 0 1 _aРоссия
_bМинистерство финансов
_3RU\NLR\AUTH\889947360
_9390360
852 _aNLR
_j135/294-323(4)
942 _cBOOK
980 _aNB